India, 2009 : (Record no. 137054)

MARC details
000 -LEADER
fixed length control field 00818nam a22002177a 4500
010 ## - LIBRARY OF CONGRESS CONTROL NUMBER
LC control number B-316864
020 ## - INTERNATIONAL STANDARD BOOK NUMBER
International Standard Book Number 9788123016177
Terms of availability 345.00
035 ## - SYSTEM CONTROL NUMBER
System control number B-316864
037 ## - SOURCE OF ACQUISITION
Source of stock number/acquisition Cen Lib / Ret
040 ## - CATALOGING SOURCE
Original cataloging agency DPL
Language of cataloging En
082 ## - DEWEY DECIMAL CLASSIFICATION NUMBER
Classification number 954
Item number IND
110 ## - MAIN ENTRY--CORPORATE NAME
Subordinate unit India. Ministry of Information and Broadcasting
245 ## - TITLE STATEMENT
Title India, 2009 :
Remainder of title a reference annual /
Statement of responsibility, etc by India. Ministry of Information and Broadcasting
260 ## - PUBLICATION, DISTRIBUTION, ETC. (IMPRINT)
Place of publication, distribution, etc New Delhi
Name of publisher, distributor, etc Publications Division, Ministry of Information and Broadcasting, Govt. of India,
Date of publication, distribution, etc 2009
270 ## - ADDRESS
Address Publications Division, Ministry of Information and Broadcasting, Govt. of India,
City New Delhi
300 ## - PHYSICAL DESCRIPTION
Extent 1259p ;
Dimensions 27cm(PBK)
650 ## - SUBJECT ADDED ENTRY--TOPICAL TERM
Topical term or geographic name as entry element India -- Periodicals.
650 ## - SUBJECT ADDED ENTRY--TOPICAL TERM
Topical term or geographic name as entry element India -- Handbooks, manuals, etc.
650 ## - SUBJECT ADDED ENTRY--TOPICAL TERM
Topical term or geographic name as entry element India
942 ## - ADDED ENTRY ELEMENTS (KOHA)
Source of classification or shelving scheme Dewey Decimal Classification
Koha item type English Books
Classification part 954
Call number suffix IND
Holdings
Withdrawn status Lost status Damaged status Not for loan Home library Current library Date acquired Source of acquisition Cost, normal purchase price Total Checkouts Full call number Barcode Date last seen Copy number Cost, replacement price Price effective from Koha item type
        Central Library Central Library 15/03/2016 Cen Lib/Ret 345.00   954 IND B-316864 15/03/2016 1 345.00 15/03/2016 English Books

© Delhi Public Library
Hit Counter
free hit counter